logo

Bir Sreshtho Munshi Abdur Rouf Library
Jhenaidah Cadet College

আপনার চুলের যত্নে প্রয়োজনীয় টিপস / (Record no. 11890)

MARC details
000 -LEADER
fixed length control field 00900nam a2200241 a 4500
001 - CONTROL NUMBER
JCCL Control Number 11890
003 - CONTROL NUMBER IDENTIFIER
JCCL marc code BD-JhCC
005 - DATE AND TIME OF LATEST TRANSACTION
control field 20201124091053.0
008 - FIXED-LENGTH DATA ELEMENTS--GENERAL INFORMATION
fixed length control field 201124b2016 bg a|||| ||a| 000 0 ben d
020 ## - INTERNATIONAL STANDARD BOOK NUMBER
International Standard Book Number 9789893319697
035 ## - SYSTEM CONTROL NUMBER
system control number (BD-JhCC)11890
040 ## - CATALOGING SOURCE
Original cataloging agency BD-JhCC
Modifying agency BD-JhCC
041 ## - LANGUAGE CODE
Language code of Book ben
082 ## - DEWEY DECIMAL CLASSIFICATION NUMBER
Classification number 646.72
Author mark and Year ROL 2016
100 ## - MAIN ENTRY--PERSONAL NAME
Personal name রোলা, সাবিয়া রশীদ
245 ## - TITLE STATEMENT
Title আপনার চুলের যত্নে প্রয়োজনীয় টিপস /
Statement of responsibility, etc সাবিয়া রশীদ রোলা ।
260 ## - PUBLICATION, DISTRIBUTION, ETC. (IMPRINT)
Place of publication, distribution, etc ঢাকা:
Name of publisher, distributor, etc দি ইউনিভার্সেল একাডেমি;
Date of publication, distribution, etc ২০১৬.
300 ## - PHYSICAL DESCRIPTION
Pagination 128 p. :
Other physical details ill;
Dimensions 16 cm.
600 ## - SUBJECT ADDED ENTRY--PERSONAL NAME
Personal name Cara Birnbaum.
651 ## - SUBJECT ADDED ENTRY--GEOGRAPHIC NAME
Geographic name Miss Universe Pageant
Form subdivision Beauty, Personal
General subdivision Feminine beauty (Aesthetics)
Geographic subdivision Physical fitness--Health aspects
942 ## - ADDED ENTRY ELEMENTS (KOHA)
Source of classification or shelving scheme Dewey Decimal Classification
Koha item type Books
Holdings
Source of classification or shelving scheme Damaged status Not for loan Home library Current library Shelving location Date of accession Source of acquisition Cost, normal purchase price Total Checkouts Full call number Barcode Date last seen Copy number Koha item type
Dewey Decimal Classification     JCC Rouf Library JCC Rouf Library General Stacks 11/24/2020 Lt. Gen. Mahfuzur Rahman (10th intake) 150.00   646.72 ROL 2016 16170 11/24/2020 C-1 Books

JCC Library | Contacts | JCC Home

Last Update on 23 September 2017
Copyright @ 2017-2020 JCC Rouf Library
Rouf Library, Jhenidah Cadet College (JCC), Bangladesh